01155nam a2200313Ia 4500003000400000005001700004008004100021020001800062040003500080041000800115084001100123100002000134245006300154250002300217264002400240300005200264336002700316337003300343338002800376490008300404500006100487521006100548650005300609650005300662650003200715650003600747650003000783700002800813OSt20201002170023.0200115s2019 ck 000 0 spa d a9789587808551 aCO-BoRNBPbspaerdacCO-BoRNBP0 aspa aC MEL71 aMelibeaeautor 10aAnimales urbanos cMelibea ; ilustraciones Rafael Yockteng aEdición especial 1aBogotá bSMc2019 a[36] páginas bilustraciones a color c21 cm. 2rdacontentatextobtxt 2rdamediaasin mediaciónbn 2rdacarrieravolumenbnc0 aPlan Nacional de Lectura y Escritura Leer es mi Cuento / Ministerio de Cultura aMelibea es el seudónimo de Melibea Garavito Carranza.  aRecomendado para un publico infantil mayor de 6 años. 17aCuentos infantiles colombianos 2LEMBvSiglo XX17aLiteratura infantil colombiana 2LEMBvSiglo XX17aFantasía 2LEMBvCuentos 17aImaginación 2LEMBvCuentos 17aAnimales 2LEMBvCuentos 1 aYockteng, Rafaeld1976-